| 000 | 01690nam0a2200325 4500 | ||
|---|---|---|---|
| 001 | RU\NLR\bibl\95955 | ||
| 005 | 20260407055905.0 | ||
| 010 |
_a5-7045-0220-2 _9100 |
||
| 021 |
_aRU _b2000-16857 _9808 |
||
| 035 | _a(NLR Aleph) 000093790 | ||
| 090 |
_a527138 _c527138 |
||
| 100 | _a20000705d1999 |||y0rusy50 ca | ||
| 101 | 0 | _arus | |
| 102 | _aRU | ||
| 105 | _ay ||||||||| | ||
| 200 | 1 |
_aПеритонит _eУчеб. пособие для студентов лечеб. и педиатр. фак. _fМ-во здравоохранения РФ, С.-Петерб. гос. педиатр. мед. акад. Каф. факультет. хирургии с курсом урологии _g[Подгот.: к.м.н. Т.С. Смирновой и др.] _gПод ред. проф. Б.И. Мирошникова |
|
| 210 |
_aСПб. _cСПбГПМА _d1999 |
||
| 215 |
_a19 с. _d21 |
||
| 606 | 0 |
_aПеритонит _jРуководства, пособия и т.п. _9927033 _3RU\NLR\auth\6622103 |
|
| 606 | 0 |
_aПеритонит _jУчебные издания для высшей школы _9927033 _3RU\NLR\auth\6622103 |
|
| 686 | _aР457.465.101.1я73 | ||
| 702 | 1 |
_aСмирнова _bТ. С. _4220 |
|
| 702 | 1 |
_aМирошников _bБ. И. _4340 |
|
| 711 | 0 | 2 |
_aСанкт-Петербургская государственная педиатрическая медицинская академия _bКафедра факультетской хирургии с курсом урологии _3RU\NLR\AUTH\8810026584 _9551363 |
| 801 | 0 |
_aRU _bNLR _c20000705 _gPSBO |
|
| 801 | 1 |
_aRU _bNLR _c20000705 |
|
| 852 |
_aNLR _j2000-6/213 |
||
| 942 | _cBOOK | ||
| 980 | _aNB | ||